Rose in bloom / (Record no. 10016)

MARC details
000 -LEADER
fixed length control field 00501nam a22001817a 4500
003 - CONTROL NUMBER IDENTIFIER
control field OSt
005 - DATE AND TIME OF LATEST TRANSACTION
control field 20260428055234.0
008 - FIXED-LENGTH DATA ELEMENTS--GENERAL INFORMATION
fixed length control field 260428b |||||||| |||| 00| 0 eng d
040 ## - CATALOGING SOURCE
Original cataloging agency DWCL-Main lib
Transcribing agency OC
082 ## - DEWEY DECIMAL CLASSIFICATION NUMBER
Classification number Fic. Al19r
100 ## - MAIN ENTRY--PERSONAL NAME
Personal name Alcott, Louisa M.
245 ## - TITLE STATEMENT
Title Rose in bloom /
Statement of responsibility, etc. Louisa M. Alcott
260 ## - PUBLICATION, DISTRIBUTION, ETC.
Place of publication, distribution, etc. Racine, Wiconsin: `
Name of publisher, distributor, etc. Whitman publishing company,
Date of publication, distribution, etc. c1952.
300 ## - PHYSICAL DESCRIPTION
Extent 236 p. ;
Dimensions 20 cm.
504 ## - BIBLIOGRAPHY, ETC. NOTE
Bibliography, etc. note I. Includes Index.
650 ## - SUBJECT ADDED ENTRY--TOPICAL TERM
Topical term or geographic name entry element 1. Fiction
942 ## - ADDED ENTRY ELEMENTS (KOHA)
Source of classification or shelving scheme Dewey Decimal Classification
Koha item type Fiction
Call number suffix Fic.
Suppress in OPAC No
952 ## - LOCATION AND ITEM INFORMATION (KOHA)
--
952 ## - LOCATION AND ITEM INFORMATION (KOHA)
--
Holdings
Withdrawn status Lost status Source of classification or shelving scheme Damaged status Not for loan Home library Current library Shelving location Date acquired Source of acquisition Total Checkouts Full call number Barcode Date last seen Copy number Price effective from Koha item type Uniform Resource Identifier
    Dewey Decimal Classification     Junior High School Library Junior High School Library Fiction 03/02/1965 Library Fund   Fic. Al19r JHS - 78 04/28/2026 c1 04/28/2026 FIC.
    Dewey Decimal Classification     Junior High School Library Junior High School Library Fiction 03/02/1965 Library Fund   Fic. Al19r JHS - 79 04/28/2026 c2 04/28/2026 FIC.